000 00486nam a22002177a 4500
003 OSt
005 20240216155131.0
008 240216b |||||||| |||| 00| 0 eng d
020 _a978-93-534-3959-0
040 _cTrident
082 _a535
100 _aEugene Hecht
_945371
245 _aOptics
250 _a5th
260 _aNoida
_bPearson
_c2023
300 _a749
500 _aQuantiy Number-5
650 _aPhysics
700 _aA.R.Ganesan
_945372
942 _2ddc
_cBK
_n0
999 _c61105
_d61105